Presidents Without an 'E' Quiz Stats

Quiz not verified by Sporcle

Challenge
Share
Tweet
Embed
Score 0/25 Timer 02:00
0 Plays Today
President % Correct
Barack Obama
93.9%
George H. W. Bush
93.9%
George W. Bush
93.9%
John Quincy Adams
93%
John Adams
93%
George Washington
89.6%
Bill Clinton
87%
Lyndon B. Johnson
86.5%
Richard Nixon
86.5%
Abraham Lincoln
86.5%
Andrew Johnson
86.1%
Gerald Ford
81.3%
William H. Taft
81.3%
President % Correct
Ulysses S. Grant
77.4%
Andrew Jackson
77.4%
James K. Polk
74.8%
Woodrow Wilson
71.7%
Benjamin Harrison
70.9%
William H. Harrison
70.9%
Harry S. Truman
70%
Zachary Taylor
67.4%
James Buchanan
64.8%
James Madison
63%
Warren G. Harding
60.4%
Chester A. Arthur
55.7%

You're not logged in!

Compare scores with friends on all Sporcle quizzes.
Join for Free
OR
Log In

You Might Also Like...

Show Comments

Extras

Created Jun 18, 2010ReportNominate
Tags:US Presidents Quiz

Top Quizzes Today


Score Distribution

Your Account Isn't Verified!

In order to create a playlist on Sporcle, you need to verify the email address you used during registration. Go to your Sporcle Settings to finish the process.

Report this User

Report this user for behavior that violates our Community Guidelines.

Details: